000 00537nam a2200181Ia 4500
003 OSt
005 20200512103536.0
008 190216s9999||||xx |||||||||||||| ||und||
020 _a9781851685110
040 _coclc
082 _a297.4092
_bCHI/I
100 _a Chittick, William C
_92205
245 0 _aIbn Arabi Heir To The Prophets /
_cWilliam C Chittick
260 _bOneworld Oxford,
_c2009.
_aEngland:
300 _a151p
650 _aIslamic History
942 _cBK
_2ddc
_h297.4092
_iCHI/I
_k297.4092
_mCHI/I
999 _c23246
_d23246